00407nam a2200169Ia 4500003000400000005001700004008004100021020001800062040000700080041000800087082002000095100002600115245003600141260003100177300001500208365001400223OSt20230405102012.0210423s2010 xx 000 0 und d a9781405139793 cAL aeng a792.09 NOCM223 aNOCHIMSON (Martha P). aWorld on film: an introduction. aUKbWiley- Blackwellc2010 axi,445bPB b1957cINR